| 000 | 00873nam2a2200229 4500 | ||
|---|---|---|---|
| 001 | rc\3025808 | ||
| 005 | 20260315064912.0 | ||
| 035 | _a(NLR Aleph) 007167227 | ||
| 090 |
_a13620137 _c13620137 |
||
| 100 | _a20110929d1936 u y0rusy50 ca | ||
| 101 | 0 | _arus | |
| 102 | _aRU | ||
| 105 | _ay z ||||| | ||
| 200 | 1 | _aЧокракские моллюски | |
| 210 | _d1936 | ||
| 461 | 0 |
_1001rc\3025801 _12001#$aПалеонтология СССР$eТ. 2-$fАкад. наук СССР. Палеозоол. ин-т$vТ. 10. Ч. 3 _97309304 _cМосква _d1935-1950 _fАкад. наук СССР. Палеозоол. ин-т _nИзд-во Акад. наук СССР _oТ. 2- _tПалеонтология СССР _vТ. 10. Ч. 3 |
|
| 700 | 1 |
_aЖижченко _bБ. |
|
| 801 | 0 |
_aRU _bNLR _gpsbo |
|
| 801 | 1 |
_aRU _bELAR _2rusmarc |
|
| 852 |
_aNLR _j35-19/86 |
||
| 942 | _cUNSPEC | ||
| 980 | _aNB | ||